[Event "CZE-chT U18 Extraliga final-B 1516"]
[Site "Czech Republic"]
[Date "2016.04.23"]
[Round "9.2"]
[White "Straka, Vojtech1"]
[Black "Kastl, Daniel"]
[Result "1-0"]
[WhiteElo "1770"]
[BlackElo "1842"]
[PlyCount "111"]
[EventDate "2015.10.03"]
[EventType "team-tourn"]
[EventRounds "11"]
[EventCountry "CZE"]
[SourceTitle "EXT 2022"]
[Source "ChessBase"]
[SourceDate "2021.10.06"]
[SourceVersion "1"]
[SourceVersionDate "2021.10.06"]
[SourceQuality "1"]
[WhiteTeam "Brno Lokomotiva U18"]
[BlackTeam "Most Chess U18"]
[WhiteTeamCountry "CZE"]
[BlackTeamCountry "CZE"]

1. d4 d5 2. c4 c6 3. Nf3 Nf6 4. g3 dxc4 5. Bg2 Bf5 6. Nbd2 Nbd7 7. Nxc4 e6 8. 0-0 Nb6 9. Ncd2 Bg4 10. h3 Bh5 11. a3 h6 12. b4 g5 13. Bb2 g4 14. Ne5 gxh3 15. Bxh3 Rg8 16. Re1 Nbd5 17. Kh2 Bd6 18. Qb3 Ng4+ 19. Nxg4 Bxg4 20. Nf3 Qf6 21. e4 Qxf3 22. Qxf3 Bxf3 23. exd5 Bxd5 24. Bg2 0-0-0 25. Bxd5 exd5 26. Kg2 Rde8 27. Kf3 Kd7 28. Rh1 Rg6 29. Bc1 Ree6 30. Rh3 Bf8 31. Be3 Bg7 32. Rh4 Bf6 33. Rf4 Ke7 34. Rh1 Bg5 35. Rg4 f5 36. Rf4 Bxf4 37. Bxf4 Kf7 38. Bb8 a6 39. Be5 Rg8 40. a4 Kg6 41. a5 Rge8 42. Kf4 R8e7 43. Rh2 Rf7 44. Rh1 Rh7 45. Rg1 h5 46. Rh1 Ree7 47. Rg1 Rh6 48. Kf3 Rf7 49. Kf4 Rfh7 50. Rg2 h4 51. gxh4+ Kf7 52. Kxf5 Rxh4 53. f4 R7h5+ 54. Rg5 Rh1 55. Kg4 Rg1+ 56. Kxh5 1-0

[Event "CZE-chT U18 Extraliga West 1516"]
[Site "Czech Republic"]
[Date "2016.01.23"]
[Round "7.1"]
[White "Hollan, Petr"]
[Black "Kastl, Daniel"]
[Result "1-0"]
[WhiteElo "2338"]
[BlackElo "1842"]
[PlyCount "119"]
[EventDate "2015.10.03"]
[EventType "team-tourn"]
[EventRounds "11"]
[EventCountry "CZE"]
[SourceTitle "EXT 2022"]
[Source "ChessBase"]
[SourceDate "2021.10.06"]
[SourceVersion "1"]
[SourceVersionDate "2021.10.06"]
[SourceQuality "1"]
[WhiteTeam "Praha Oaza U18"]
[BlackTeam "Most Chess U18"]
[WhiteTeamCountry "CZE"]
[BlackTeamCountry "CZE"]

1. d4 c6 2. c4 d5 3. Nc3 Nf6 4. Bg5 e6 5. Nf3 Nbd7 6. cxd5 exd5 7. e3 Bd6 8. Bd3 0-0 9. Qc2 Qb6 10. g4 Bb4 11. a3 Bxc3+ 12. bxc3 Re8 13. Rb1 Qa5 14. Nd2 b6 15. 0-0 Ba6 16. h3 Bxd3 17. Qxd3 Ne4 18. Bh4 Qxc3 19. Qxc3 Nxc3 20. Rb3 Ne4 21. Nxe4 Rxe4 22. Rc1 Re6 23. Rbc3 Rc8 24. e4 dxe4 25. d5 Rh6 26. Rxc6 Rcxc6 27. Rxc6 f5 28. Bg3 Kf7 29. gxf5 Ke8 30. Rc8+ Kf7 31. Rc7 Ke8 32. Rxa7 Rh5 33. Ra4 Rxf5 34. Rxe4+ Kf7 35. d6 Kf8 36. Re7 Rf7 37. Re3 Rf5 38. Kg2 h6 39. Rc3 Kf7 40. Re3 Kf8 41. Kg1 Rf6 42. Rc3 Kf7 43. a4 Rf5 44. Kf1 Rf6 45. Re3 Kf8 46. Bh4 Rf4 47. Be7+ Kg8 48. Ra3 Kf7 49. Kg1 Ke6 50. a5 bxa5 51. Rxa5 Rf5 52. Ra3 g5 53. Re3+ Re5 54. Ra3 Rf5 55. Kg2 Kd5 56. Ra7 Ke6 57. Ra8 Nf6 58. Rh8 Ne4 59. Rxh6+ Kd7 60. f3 1-0

[Event "Teplice op 10th"]
[Site "Teplice"]
[Date "2015.06.19"]
[Round "7"]
[White "Ivekovic, Tihana"]
[Black "Kastl, Daniel"]
[Result "1-0"]
[WhiteElo "2062"]
[BlackElo "1880"]
[PlyCount "43"]
[EventDate "2015.06.13"]
[EventType "swiss"]
[EventRounds "9"]
[EventCountry "CZE"]
[SourceTitle "EXT 2017"]
[Source "ChessBase"]
[SourceDate "2016.10.25"]
[SourceVersion "1"]
[SourceVersionDate "2016.10.25"]
[SourceQuality "1"]

1. d4 c6 2. c4 d5 3. Nc3 Nf6 4. Nf3 e6 5. e3 Nbd7 6. Qc2 Qc7 7. Bd3 dxc4 8. Bxc4 Nb6 9. Bd3 Bd6 10. 0-0 h6 11. Bd2 0-0 12. Rac1 Qe7 13. a3 Re8 14. Ne5 Nfd7 15. f4 a6 16. Ne4 Nf8 17. Nxd6 Qxd6 18. Bb4 Qd8 19. Ba5 f6 20. Nc4 Nfd7 21. Nxb6 Nxb6 22. Qb3 1-0

[Event "Teplice op 10th"]
[Site "Teplice"]
[Date "2015.06.14"]
[Round "2"]
[White "Kastl, Daniel"]
[Black "Maryasin, Boris Feliksovich"]
[Result "0-1"]
[WhiteElo "1880"]
[BlackElo "2355"]
[PlyCount "78"]
[EventDate "2015.06.13"]
[EventType "swiss"]
[EventRounds "9"]
[EventCountry "CZE"]
[SourceTitle "EXT 2017"]
[Source "ChessBase"]
[SourceDate "2016.10.25"]
[SourceVersion "1"]
[SourceVersionDate "2016.10.25"]
[SourceQuality "1"]

1. e4 c5 2. Nf3 e6 3. d4 cxd4 4. Nxd4 a6 5. Be2 Nf6 6. f3 Qc7 7. Be3 d5 8. Nd2 Bd6 9. g3 h5 10. exd5 Nxd5 11. Bf2 e5 12. N4b3 Be6 13. Ne4 Nd7 14. a3 Be7 15. Qd2 Rc8 16. Bd3 h4 17. gxh4 Nf4 18. Nc3 Ng2+ 19. Kd1 Nxh4 20. Qe2 Ng2 21. Bg3 Nf4 22. Bxf4 exf4 23. Nd4 Rh6 24. Nf5 Bxf5 25. Bxf5 Rd8 26. Kc1 Ne5 27. Rd1 Rxd1+ 28. Nxd1 Kf8 29. Nc3 Qc5 30. Kb1 Nc4 31. Bd3 Nxb2 32. Kxb2 Rb6+ 33. Bb5 axb5 34. Ne4 Qe5+ 35. Nc3 Qf6 36. Qd3 g6 37. Ka2 Qd6 38. Qd5 Bf6 39. Kb3 Rc6 0-1

[Event "CZE-chT U20 Extraliga West 1415"]
[Site "Czech Republic"]
[Date "2014.10.12"]
[Round "3.3"]
[White "Jelinek, Michal"]
[Black "Kastl, Daniel"]
[Result "1/2-1/2"]
[WhiteElo "1904"]
[BlackElo "1814"]
[PlyCount "101"]
[EventDate "2014.10.11"]
[EventType "team-tourn"]
[EventRounds "11"]
[EventCountry "CZE"]
[SourceTitle "EXT 2021"]
[Source "ChessBase"]
[SourceDate "2020.10.23"]
[SourceVersion "1"]
[SourceVersionDate "2020.10.23"]
[SourceQuality "1"]
[WhiteTeam "Praha Promat Oaza (U20)"]
[BlackTeam "Most Chess (U20)"]
[WhiteTeamCountry "CZE"]
[BlackTeamCountry "CZE"]

1. e4 c6 2. d4 d5 3. exd5 cxd5 4. Bd3 Nf6 5. c3 h6 6. Bf4 Nbd7 7. Nf3 Qb6 8. Qc2 e6 9. Nbd2 Bd6 10. Bg3 0-0 11. 0-0 Re8 12. Rfe1 Bxg3 13. hxg3 Qc7 14. Ne5 Nxe5 15. dxe5 Nd7 16. Nf3 Nc5 17. g4 Nxd3 18. Qxd3 Qc4 19. Qxc4 dxc4 20. Nd2 b5 21. Ne4 Bd7 22. Nd6 Rf8 23. f4 f6 24. Rf1 fxe5 25. fxe5 Rxf1+ 26. Rxf1 Rf8 27. Rxf8+ Kxf8 28. Kf2 Ke7 29. Ke3 a6 30. Nb7 Bc6 31. Nc5 a5 32. g3 g5 33. a4 bxa4 34. Kd4 Bf3 35. Kxc4 Bxg4 36. Kd4 Bd1 37. Nb7 Bf3 38. Nxa5 Bd5 39. c4 Bf3 40. c5 Bd5 41. c6 Kd8 42. Kc5 Kc7 43. Nb7 Bxc6 44. Nd6 h5 45. Nf7 h4 46. Nxg5 hxg3 47. Nxe6+ Kd7 48. Nf4 g2 49. Nxg2 Bxg2 50. Kb4 Bc6 51. b3 1/2-1/2

[Event "CZE-chTA U20 1314"]
[Site "Czech Republic"]
[Date "2014.04.26"]
[Round "9.5"]
[White "Kastl, Daniel"]
[Black "Stepan, Patrik"]
[Result "0-1"]
[WhiteElo "1787"]
[BlackElo "1762"]
[PlyCount "108"]
[EventDate "2013.10.12"]
[EventType "team-tourn"]
[EventRounds "11"]
[EventCountry "CZE"]
[SourceTitle "EXT 2015"]
[Source "ChessBase"]
[SourceDate "2014.11.20"]
[SourceVersion "1"]
[SourceVersionDate "2014.11.20"]
[SourceQuality "1"]
[WhiteTeam "Most Chess (U20)"]
[BlackTeam "Frydek Mistek (U20)"]
[WhiteTeamCountry "CZE"]
[BlackTeamCountry "CZE"]

1. e4 c5 2. Nf3 e6 3. d4 cxd4 4. Nxd4 Nf6 5. Nc3 Nc6 6. Nxc6 bxc6 7. Bd3 d5 8. exd5 cxd5 9. 0-0 Bb7 10. Ne2 Rc8 11. c3 Bc5 12. Bb5+ Nd7 13. Qa4 a6 14. Bxd7+ Qxd7 15. Qxd7+ Kxd7 16. b3 Rhd8 17. Bb2 Ke7 18. Rad1 e5 19. Rfe1 f6 20. h3 Kf7 21. Nc1 Bb6 22. Nd3 d4 23. cxd4 Bxd4 24. Rc1 Bb6 25. Red1 Be4 26. Rxc8 Rxc8 27. Ne1 Ke6 28. Ba3 Bd4 29. Kf1 g5 30. Ke2 h5 31. f3 Bg6 32. Rc1 Rxc1 33. Bxc1 e4 34. fxe4 Bxe4 35. Nf3 Bc5 36. a3 g4 37. hxg4 hxg4 38. Ne1 Bd6 39. Ke3 f5 40. Bb2 Bg3 41. Bc3 Kd5 42. Nd3 Bxg2 43. Nb4+ Kd6 44. Nxa6 f4+ 45. Kd2 f3 46. Bd4 f2 47. Bc5+ Kd5 48. Bxf2 Bxf2 49. Nb4+ Ke4 50. Nc2 Bf3 51. Ne1 g3 52. a4 Bxe1+ 53. Kxe1 Ke3 54. Kf1 g2+ 0-1

[Event "Teplice op 7th"]
[Site "Teplice"]
[Date "2012.06.17"]
[Round "2"]
[White "Kastl, Daniel"]
[Black "Novotny, Tomas"]
[Result "0-1"]
[WhiteElo "1638"]
[BlackElo "1920"]
[PlyCount "80"]
[EventDate "2012.06.16"]
[EventType "swiss"]
[EventRounds "9"]
[EventCountry "CZE"]
[SourceTitle "CBM 149 Extra"]
[Source "ChessBase"]
[SourceDate "2012.08.24"]
[SourceVersion "1"]
[SourceVersionDate "2012.08.24"]
[SourceQuality "1"]

1. e4 c5 2. Nf3 Nc6 3. d4 cxd4 4. Nxd4 e6 5. Be3 Nf6 6. Nc3 Bb4 7. f3 0-0 8. Qd2 d5 9. a3 Ba5 10. 0-0-0 e5 11. Nxc6 bxc6 12. b4 d4 13. bxa5 Qe7 14. Nb1 dxe3 15. Qxe3 Rb8 16. Bc4 Be6 17. Bb3 Rb5 18. Bxe6 fxe6 19. Qc3 Rfb8 20. Kd2 Rc5 21. Qe3 Qd8+ 22. Qd3 Qxa5+ 23. Ke2 Kf7 24. Rd2 Rb2 25. Rc1 Kg6 26. g3 Rcb5 27. Nc3 Rb7 28. f4 Rd7 29. f5+ exf5 30. exf5+ Kf7 31. Qc4+ Nd5 32. Nxd5 cxd5 33. Qc6 Qb5+ 34. Qxb5 Rxb5 35. Rcd1 Rc5 36. c4 d4 37. Kd3 Kf6 38. g4 Rb7 39. Ra1 Rb3+ 40. Kc2 Rc3+ 0-1

[Event "Teplice op 6th"]
[Site "Teplice"]
[Date "2011.06.11"]
[Round "1"]
[White "Kastl, Daniel"]
[Black "Stastny, Petr"]
[Result "0-1"]
[WhiteElo "1639"]
[BlackElo "2087"]
[PlyCount "116"]
[EventDate "2011.06.11"]
[EventType "swiss"]
[EventRounds "9"]
[EventCountry "CZE"]
[SourceTitle "CBM 142 Extra"]
[Source "ChessBase"]
[SourceDate "2011.06.27"]
[SourceVersion "1"]
[SourceVersionDate "2011.06.27"]
[SourceQuality "1"]

1. e4 c5 2. Nf3 Nc6 3. d4 cxd4 4. Nxd4 e6 5. Nc3 a6 6. Bc4 Nf6 7. 0-0 b5 8. Nxc6 dxc6 9. Qxd8+ Kxd8 10. Rd1+ Ke8 11. Bb3 c5 12. a3 c4 13. Ba2 Bb7 14. f3 Bc5+ 15. Kf1 h6 16. Ke2 Rc8 17. Be3 Ke7 18. Rd2 g5 19. h3 Bd6 20. Bd4 Bf4 21. Be3 Nh5 22. Bxf4 Nxf4+ 23. Kf2 h5 24. Rad1 Rc7 25. Ne2 Ng6 26. b3 Ne5 27. bxc4 bxc4 28. c3 Bc6 29. Nd4 Rb8 30. Rb1 Rxb1 31. Bxb1 Ba4 32. Bc2 Bxc2 33. Rxc2 Rb7 34. Ke3 Rb1 35. Rd2 Re1+ 36. Kf2 Rc1 37. Nc2 Nd3+ 38. Kg3 Kf6 39. h4 gxh4+ 40. Kxh4 Rh1+ 41. Kg3 Kg5 42. f4+ Nxf4 43. Rf2 h4+ 44. Kf3 Rd1 45. Ne3 Rd3 46. Rc2 f5 47. a4 fxe4+ 48. Kxe4 Nd5 49. Nxc4 Rxc3 50. Rxc3 Nxc3+ 51. Ke5 Nxa4 52. Kxe6 Kf4 53. Kd5 Nc3+ 54. Kc5 Nd1 55. Kb6 Kg3 56. Nd6 Kxg2 57. Nf5 h3 58. Nh4+ Kf2 0-1

[Event "CZE Czechia-ch U12"]
[Site "Harrachov"]
[Date "2009.10.31"]
[Round "9"]
[White "Kastl, Daniel"]
[Black "Bocek, Lukas"]
[Result "0-1"]
[WhiteElo "1546"]
[BlackElo "1354"]
[PlyCount "126"]
[EventDate "2009.10.24"]
[EventType "swiss"]
[EventRounds "9"]
[EventCountry "CZE"]
[SourceTitle "EXT 2012"]
[Source "ChessBase"]
[SourceDate "2011.11.24"]
[SourceVersion "1"]
[SourceVersionDate "2011.11.24"]
[SourceQuality "1"]

1. e4 e5 2. Nf3 Nc6 3. d4 exd4 4. c3 d3 5. Bxd3 Bc5 6. 0-0 Nf6 7. e5 Ng4 8. Bf4 d6 9. exd6 cxd6 10. Qe2+ Be6 11. Bf5 Qe7 12. Bg5 Nf6 13. Bxe6 Qxe6 14. Re1 Kd7 15. Bxf6 gxf6 16. Qxe6+ fxe6 17. Nbd2 d5 18. Rad1 b5 19. Ne4 Be7 20. Ng3 a5 21. Nd4 Nxd4 22. Rxd4 b4 23. Ne2 Bd6 24. Rdd1 Rhc8 25. Rc1 Rab8 26. Rc2 Rc7 27. Rec1 Rbc8 28. g3 e5 29. f4 d4 30. fxe5 fxe5 31. Rd1 bxc3 32. bxc3 dxc3 33. Rd3 Ke6 34. Rdxc3 Rxc3 35. Rxc3 Rxc3 36. Nxc3 Kf5 37. Kf2 Bb4 38. Nd5 Bc5+ 39. Ke2 Ke4 40. Nf6+ Kf5 41. Nd7 Ba7 42. h4 h5 43. Kf3 e4+ 44. Ke2 Bd4 45. Nb8 Kg4 46. Nc6 Bb6 47. Ne5+ Kxg3 48. Nc4 Bd4 49. Nxa5 Kxh4 50. Nb3 Ba7 51. Nd2 e3 52. Nc4 Kg3 53. Nxe3 Bxe3 54. Kxe3 h4 55. a4 h3 56. Kd4 h2 57. Kc5 h1Q 58. a5 Qa8 59. Kb6 Kf4 60. a6 Ke5 61. Kb5 Qa7 62. Ka5 Qc5+ 63. Ka4 Qb6 0-1

[Event "CZE Czechia-ch U12"]
[Site "Harrachov"]
[Date "2009.10.29"]
[Round "7"]
[White "Kastl, Daniel"]
[Black "Hejduk, Miroslav"]
[Result "1/2-1/2"]
[WhiteElo "1546"]
[BlackElo "1250"]
[PlyCount "76"]
[EventDate "2009.10.24"]
[EventType "swiss"]
[EventRounds "9"]
[EventCountry "CZE"]
[SourceTitle "EXT 2012"]
[Source "ChessBase"]
[SourceDate "2011.11.24"]
[SourceVersion "1"]
[SourceVersionDate "2011.11.24"]
[SourceQuality "1"]

1. e4 e5 2. Nf3 d6 3. Nc3 Be7 4. Bc4 Bg4 5. 0-0 h6 6. Be2 Nf6 7. d3 Nc6 8. Be3 Qd7 9. Nd2 a6 10. Nd5 Bxe2 11. Nxf6+ Bxf6 12. Qxe2 0-0 13. Nb3 Rfe8 14. Qf3 Qe7 15. Qg4 Kh8 16. c3 Qe6 17. Qh5 Ne7 18. f4 Ng8 19. fxe5 dxe5 20. Nc5 Qe7 21. Nb3 g6 22. Qh3 h5 23. Nc5 b6 24. Na4 Rad8 25. Rad1 Qd7 26. Qxd7 Rxd7 27. Rf2 Kg7 28. c4 Red8 29. Rfd2 Nh6 30. h3 Ng8 31. Nc3 Ne7 32. a3 Nc6 33. Nd5 a5 34. Nxf6 Kxf6 35. h4 Kg7 36. Bg5 f6 37. Be3 Nd4 38. Bxd4 Rxd4 1/2-1/2

[Event "CZE Czechia-ch U12"]
[Site "Harrachov"]
[Date "2009.10.28"]
[Round "6"]
[White "Kozusek, Daniel"]
[Black "Kastl, Daniel"]
[Result "1-0"]
[WhiteElo "1494"]
[BlackElo "1546"]
[PlyCount "79"]
[EventDate "2009.10.24"]
[EventType "swiss"]
[EventRounds "9"]
[EventCountry "CZE"]
[SourceTitle "EXT 2012"]
[Source "ChessBase"]
[SourceDate "2011.11.24"]
[SourceVersion "1"]
[SourceVersionDate "2011.11.24"]
[SourceQuality "1"]

1. e4 e5 2. Nf3 Nc6 3. d4 exd4 4. Bb5 Bb4+ 5. c3 dxc3 6. Nxc3 Nf6 7. 0-0 0-0 8. e5 Ne8 9. Nd5 Bc5 10. Qb3 d6 11. Bg5 Qd7 12. Be7 a6 13. Bxf8 Kxf8 14. Bxc6 Qxc6 15. Nb4 Bxb4 16. Qxb4 Kg8 17. Rac1 Qd7 18. Rfd1 Qe6 19. exd6 cxd6 20. Re1 Qd7 21. Qe4 Nf6 22. Qe7 h6 23. Rc7 Qxe7 24. Rcxe7 Bd7 25. Rd1 d5 26. Ne5 Be6 27. Rxb7 Rc8 28. h3 Bf5 29. Nxf7 Rc2 30. Nd6 Bg6 31. f3 Re2 32. Nc8 Kh7 33. Ne7 Bc2 34. Rc1 Bd3 35. Nc6 Rd2 36. Nb4 Rxb2 37. Rcc7 Bc4 38. Rxg7+ Kh8 39. Rgf7 Ne8 40. Rf8# 1-0

[Event "CZE-ch U10"]
[Site "Kouty nad Desnou"]
[Date "2009.03.14"]
[Round "9"]
[White "Kastl, Daniel"]
[Black "Stuchly, Ondrej"]
[Result "0-1"]
[WhiteElo "1250"]
[BlackElo "1250"]
[PlyCount "100"]
[EventDate "2009.03.07"]
[EventType "swiss"]
[EventRounds "9"]
[EventCountry "CZE"]
[SourceTitle "EXT 2011"]
[Source "ChessBase"]
[SourceDate "2010.11.26"]
[SourceVersion "1"]
[SourceVersionDate "2010.11.26"]
[SourceQuality "1"]

1. e4 e5 2. Nf3 Nc6 3. Bc4 Nf6 4. Ng5 d5 5. exd5 Na5 6. Bb5+ c6 7. dxc6 bxc6 8. Be2 h6 9. Nf3 e4 10. Ne5 Qd4 11. f4 Bc5 12. Rf1 Qd6 13. c3 Bb6 14. d4 0-0 15. Kf2 c5 16. Be3 cxd4 17. Bxd4 Bb7 18. Kg1 Rad8 19. Kh1 Bxd4 20. cxd4 Qxd4 21. Qxd4 Rxd4 22. Nc3 Rd2 23. Bc4 Rxb2 24. Bxf7+ Rxf7 25. Nxf7 Kxf7 26. Na4 Rc2 27. Rfc1 Rxc1+ 28. Rxc1 e3 29. Kg1 Nd5 30. g3 e2 31. Kf2 Nb4 32. Kxe2 Nxa2 33. Rd1 Nb4 34. Nc5 Nbc6 35. Nxb7 Nxb7 36. Rc1 Nbd8 37. h4 a5 38. g4 Nd4+ 39. Ke3 N8c6 40. Rd1 Nc2+ 41. Kf2 a4 42. g5 h5 43. f5 a3 44. g6+ Ke7 45. f6+ gxf6 46. g7 Kf7 47. Rd7+ Kg8 48. Rc7 a2 49. Rc8+ Kxg7 50. Ra8 a1Q 0-1

[Event "CZE-ch U10"]
[Site "Kouty nad Desnou"]
[Date "2009.03.12"]
[Round "7"]
[White "Havelka, Ondrej"]
[Black "Kastl, Daniel"]
[Result "0-1"]
[WhiteElo "1250"]
[BlackElo "1250"]
[PlyCount "78"]
[EventDate "2009.03.07"]
[EventType "swiss"]
[EventRounds "9"]
[EventCountry "CZE"]
[SourceTitle "EXT 2011"]
[Source "ChessBase"]
[SourceDate "2010.11.26"]
[SourceVersion "1"]
[SourceVersionDate "2010.11.26"]
[SourceQuality "1"]

1. e4 e5 2. Nf3 Nc6 3. Bc4 Bc5 4. c3 Nf6 5. d4 exd4 6. cxd4 Bb4+ 7. Nc3 Nxe4 8. 0-0 Bxc3 9. d5 Ne5 10. bxc3 Nxc4 11. Qd4 0-0 12. Qxe4 Nd6 13. Qg4 Qf6 14. Bf4 b6 15. Rfe1 Bb7 16. Rad1 Rfe8 17. Rd4 Rxe1+ 18. Nxe1 Re8 19. Nf3 Nf5 20. Be5 Qg6 21. h3 Nxd4 22. Qxd7 Nxf3+ 23. Kf1 Qb1+ 24. Ke2 Rxe5+ 25. Kxf3 Qf5+ 26. Qxf5 Rxf5+ 27. Kg3 Rxd5 28. Kh2 Rd2 29. Kg1 Rxa2 30. c4 c5 31. f4 Rxg2+ 32. Kf1 Kf8 33. f5 f6 34. h4 Ke7 35. h5 Kd6 36. h6 gxh6 37. Ke1 Ke5 38. Kd1 Kd4 39. Kc1 Kd3 0-1

[Event "CZE-ch U10"]
[Site "Kouty nad Desnou"]
[Date "2009.03.11"]
[Round "6"]
[White "Kastl, Daniel"]
[Black "Jagos, Marek"]
[Result "1/2-1/2"]
[WhiteElo "1250"]
[BlackElo "1000"]
[PlyCount "82"]
[EventDate "2009.03.07"]
[EventType "swiss"]
[EventRounds "9"]
[EventCountry "CZE"]
[SourceTitle "EXT 2011"]
[Source "ChessBase"]
[SourceDate "2010.11.26"]
[SourceVersion "1"]
[SourceVersionDate "2010.11.26"]
[SourceQuality "1"]

1. e4 e5 2. Nf3 Nc6 3. Nc3 Nf6 4. Bb5 d6 5. d3 a6 6. Ba4 b5 7. Bb3 Be7 8. Bg5 0-0 9. 0-0 Bg4 10. h3 Bxf3 11. Qxf3 h6 12. Bxf6 Bxf6 13. Nd5 Bg5 14. c3 Ne7 15. Nxe7+ Qxe7 16. Bd5 Rab8 17. Rfe1 a5 18. Re2 Qf6 19. Qxf6 Bxf6 20. a4 bxa4 21. Rxa4 Rb5 22. Bc4 Rc5 23. b4 axb4 24. cxb4 Rc6 25. Rb2 Rb8 26. b5 Rcb6 27. Rba2 g5 28. Ra6 Kg7 29. Rxb6 Rxb6 30. Ra6 h5 31. Rxb6 cxb6 32. Kf1 g4 33. hxg4 hxg4 34. g3 Bg5 35. Ke2 Kg6 36. f3 f5 37. fxg4 f4 38. gxf4 Bxf4 39. Be6 Kg5 40. Kd1 Be3 41. Ke2 Kf6 1/2-1/2

[Event "CZE-ch U10"]
[Site "Kouty nad Desnou"]
[Date "2009.03.10"]
[Round "5"]
[White "Kastl, Daniel"]
[Black "Cach, Jakub"]
[Result "1-0"]
[WhiteElo "1250"]
[BlackElo "1250"]
[PlyCount "113"]
[EventDate "2009.03.07"]
[EventType "swiss"]
[EventRounds "9"]
[EventCountry "CZE"]
[SourceTitle "EXT 2011"]
[Source "ChessBase"]
[SourceDate "2010.11.26"]
[SourceVersion "1"]
[SourceVersionDate "2010.11.26"]
[SourceQuality "1"]

1. e4 e5 2. Nf3 Nc6 3. d4 exd4 4. c3 dxc3 5. Bc4 Bb4 6. 0-0 d6 7. a3 Ba5 8. b4 Bb6 9. Nxc3 Bg4 10. Bb5 Nf6 11. Bb2 0-0 12. Bxc6 bxc6 13. Qd3 Re8 14. Rfe1 Bxf3 15. Qxf3 Qe7 16. h3 Rad8 17. Rad1 Qf8 18. a4 a6 19. Re2 d5 20. e5 Nd7 21. Qg3 Qxb4 22. e6 fxe6 23. Nxd5 Qf8 24. Nxc7 Bxc7 25. Qxc7 Nb8 26. Rxd8 Rxd8 27. Rxe6 Rd1+ 28. Kh2 Rd7 29. Qe5 Rd5 30. Qe4 Rd8 31. Re7 Rd7 32. Qc4+ Kh8 33. Bxg7+ Qxg7 34. Rxg7 Rxg7 35. h4 h5 36. Qc5 Kg8 37. Qxh5 Rf7 38. Qg5+ Kf8 39. Qd8+ Kg7 40. Qxb8 Rxf2 41. Qb7+ Kh6 42. Qxc6+ Kg7 43. Qxa6 Rf8 44. Qb5 Kf7 45. a5 Ke6 46. a6 Rc8 47. a7 Rf8 48. Qb8 Rxb8 49. axb8Q Kd5 50. Qb4 Ke5 51. Kg3 Kd5 52. h5 Ke6 53. Qb5 Kf6 54. Kf4 Kg7 55. Qb6 Kh7 56. Kg5 Kg7 57. Qb7+ 1-0

[Event "CZE-ch U10"]
[Site "Kouty nad Desnou"]
[Date "2009.03.09"]
[Round "3"]
[White "Kastl, Daniel"]
[Black "Stepan, Patrik"]
[Result "0-1"]
[WhiteElo "1250"]
[BlackElo "1250"]
[PlyCount "94"]
[EventDate "2009.03.07"]
[EventType "swiss"]
[EventRounds "9"]
[EventCountry "CZE"]
[SourceTitle "EXT 2011"]
[Source "ChessBase"]
[SourceDate "2010.11.26"]
[SourceVersion "1"]
[SourceVersionDate "2010.11.26"]
[SourceQuality "1"]

1. e4 e5 2. Nf3 Nc6 3. d4 exd4 4. c3 d3 5. Bxd3 Bc5 6. Bc4 Nge7 7. b4 Bd6 8. Qb3 Rf8 9. Be3 a5 10. Bd4 f6 11. Nbd2 axb4 12. 0-0 Ra3 13. Qb2 bxc3 14. Bxc3 Ra8 15. e5 Ba3 16. Qc2 fxe5 17. Nxe5 Nxe5 18. Bxe5 g6 19. Rae1 d6 20. Bc3 d5 21. Bb3 Bf5 22. Qd1 Bd3 23. Nf3 Bxf1 24. Kxf1 c6 25. Ng5 Bc5 26. f3 Qd6 27. Be5 Qd7 28. Nxh7 Qf5 29. Nxf8 Kxf8 30. Qe2 Bb4 31. Bc3 Bd6 32. g3 Qh3+ 33. Qg2 Qf5 34. Bc2 Qh5 35. Bd3 Ra3 36. Rc1 d4 37. g4 Qh4 38. Be1 Qf6 39. Bb1 Qxf3+ 40. Qxf3+ Rxf3+ 41. Kg2 Rf7 42. Bh4 Kg7 43. Rd1 c5 44. Be4 b6 45. Rb1 Bc7 46. Bd3 Nd5 47. Bc4 Ne3+ 0-1

[Event "CZE-ch U10"]
[Site "Kouty nad Desnou"]
[Date "2009.03.07"]
[Round "1"]
[White "Marek, Matyas"]
[Black "Kastl, Daniel"]
[Result "1-0"]
[WhiteElo "1583"]
[BlackElo "1250"]
[PlyCount "36"]
[EventDate "2009.03.07"]
[EventType "swiss"]
[EventRounds "9"]
[EventCountry "CZE"]
[SourceTitle "EXT 2011"]
[Source "ChessBase"]
[SourceDate "2010.11.26"]
[SourceVersion "1"]
[SourceVersionDate "2010.11.26"]
[SourceQuality "1"]

1. e4 e5 2. Nf3 Nc6 3. Bb5 d6 4. d4 Bd7 5. 0-0 Nxd4 6. Nxd4 exd4 7. Bxd7+ Qxd7 8. Qxd4 Nf6 9. Bg5 Be7 10. Nc3 h6 11. Bh4 Rf8 12. Rfe1 g5 13. Bg3 Nh5 14. e5 Nxg3 15. hxg3 h5 16. exd6 cxd6 17. Nd5 Kd8 18. Rxe7 Qc6 1-0